Los juicios por crímenes de lesa humanidad. : enseñanzas jurídico penales /

Guardado en:
Autor Principal: Anitua, Gabriel Ignacio., (comp.)
Otros Autores: Álvarez Nakagawa, Alexis, (comp.), Gaitán, Mariano, (comp.)
Formato: Libro
Idioma:Undetermined
Publicado: Ciudad Autónoma de Buenos Aires : Didot, 2014.
Edición:1a. ed.
Materias:
Etiquetas: Agregar Etiqueta
LEADER 00693nam a22001815a 4500
001 DER.der014218
008 191007s2014####xx############000#0#und#d
005 20250627150837.0
245 1 0 |a Los juicios por crímenes de lesa humanidad. :  |b enseñanzas jurídico penales /  |c compilado por Gabriel Ignacio Anitua, Alexis Álvaez Nkagawa y Mariano Gaitán. 
250 |a 1a. ed. 
260 |a Ciudad Autónoma de Buenos Aires :  |b Didot,  |c 2014. 
300 |a 314 p. 
020 |a 9789873620058 
100 1 |a Anitua, Gabriel Ignacio.,  |e comp. 
700 1 |a Álvarez Nakagawa, Alexis,  |e comp. 
700 1 |a Gaitán, Mariano,  |e comp. 
650 7 |a DERECHOS PROCESAL PENAL 
859 |a DERECHO  |b BIB. DERECHO  |h 345.05  |i ANI  |p 009471